Hubert Rüsch a Dieter Jungwirth "Stahlbeton - Spannbeton" [kniha]

Bibliographic Details
Main Author: Tichý, Milík, 1929- (Author)
Format: Article
Language:Slovak
German
Subjects:

MARC

LEADER 00000nab a2200000 a 4500
001 vtls008932343
003 SK-MaSNL
005 20260304150705.0
008 250506 1977 xo | 000 0 slo
015 |a SNBRB1977 
035 |a urn:nbn:sk:snk-ab86g2 
035 |a (urnnbn)urn:nbn:sk:snk:ar-006jy1 
035 |a (uuid)3654c91d-dc22-4334-b241-f4a711c83278 
040 |a SNKBUCL  |b slo  |c SNKBUCL  |e AACR2 
041 0 |a ger 
044 |a xo  |c SK 
080 |a 624.016.078.45  |2 2001 
080 |a 666.982.4  |2 2001 
100 1 |a Tichý, Milík,  |d 1929-  |4 aut  |9 123262 
245 1 0 |a Hubert Rüsch a Dieter Jungwirth "Stahlbeton - Spannbeton"  |b [kniha]  |c Milík Tichý 
650 0 7 |a oceľobetónové konštrukcie  |2 snkbucl  |9 70855 
650 0 7 |a predpätý betón  |2 snkbucl  |9 100801 
650 0 7 |a monografie  |2 snkbucl  |9 256509 
655 7 |a recenzie  |2 snkbucl  |9 21907 
773 0 |t Stavebnícky časopis  |g Roč. 25, č. 1 (1977), s. 76-77. 
787 0 8 |i Rec. :  |a Rüsch, Hubert  |t Stahlbeton - Spannbeton 
787 0 8 |i Rec. :  |a Jungwirth, Dieter  |t Stahlbeton - Spannbeton 
850 |a Slovenská národná knižnica 
852 |a Slovenská národná knižnica 
958 |a article9 
958 |a RC 
958 |a OND 
958 |a EUIPO 
999 |c 2939113  |d 2941043